New Perspective - Panic! at the Disco - Statistics

General Stats
  • This quiz has been taken 88 times
    28 since last reset
  • The average score is 231 of 293
Answer Stats
Answer % Correct
a
100%
and
100%
be
100%
for
100%
from
100%
I
100%
in
100%
life
100%
me
100%
new
100%
perspective
100%
the
100%
wanna
100%
when
100%
win
100%
correct
95%
forward
95%
go
95%
i'll
95%
I'll
95%
it
95%
let
95%
live
95%
on
95%
stop
95%
there
95%
to
95%
we
95%
who
95%
can
90%
cares
90%
come
90%
down
90%
fast
90%
love
90%
my
90%
of
90%
you
90%
your
90%
admire
86%
because
86%
face
86%
getting
86%
here
86%
out
86%
taste
86%
up
86%
along
81%
catch
81%
expensive
81%
idea
81%
intervention
81%
no
81%
praised
81%
so
81%
divine
76%
everything
76%
know
76%
that
76%
watch
76%
feel
71%
if
71%
would
71%
against
67%
but
67%
crash
67%
lose
67%
never
67%
now
67%
salty
67%
see
67%
skin
67%
them
67%
TV
67%
waves
67%
above
62%
good
62%
smile
62%
theres
62%
worry
62%
haze
57%
is
57%
leaving
57%
they'll
57%
bad
52%
changes
52%
move
52%
as
48%
continue
48%
im
48%
maybe
48%
passion
48%
respire
48%
still
48%
taking
48%
traits
48%
watching
48%
with
48%
fine
43%
granted
43%
time
43%
knowing
38%
respect
38%
around
33%
hundred
33%
lines
33%
some
33%
heavy
29%
load
29%
look
29%
point
29%
seperate
29%
through
29%
wait
29%
bed
24%
ended
24%
fall
24%
fell
24%
hours
24%
how
24%
inside
24%
more
24%
much
24%
need
24%
plans
24%
put
24%
show
24%
wonder
24%
inching
19%
other
19%
said
19%
take
19%
instead
14%
regain
5%
repose
5%
No matching quizzes found
Score Distribution
Percent of People with Each Score
Percentile by Number Answered
Your Score History
You have not taken this quiz since the last reset